000 00990nam a22002777a 4500
001 BR7406148
003 BR-BrBNA
005 20230928084636.0
007 ta
008 230509b bl.||||| |||| 00| 0 por d
040 _aBR-BrBNA
_bpor
_cBiblioteca Nacional de Agricultura
041 _a(Por)
072 _aL73; E50
_b4150
_b/G514
090 _ 4150 BR7406148
110 1 _aGrupo Executivo Estadual de Combate a Febre Aftosa, Curitiba, PR (Brasil). Assessoria de Processamento de Dados e Avaliacao
_95506
245 1 _aLevantamento preliminar dos municipios. Aspectos socio-economicos de interesse CAFAP. Resumo por area, sub-area e equipe de campo; area de Pato Branco [Companhia de Combate a Febre Aftosa no Parana, Brasil]
260 3 _aCuritiba, PR (Brasil):
_c1974.
300 _a160 p.
500 _aNumerical data
650 _aAFTOSA
650 _aDIAGNOSTICO
650 _aCOMUNIDADE RURAL
650 _aPARANA
909 _a202309
_bLucia
_c55
_dLucia Elande
942 _cBK
999 _c20233
_d20233